Visualizzazione normale
Vista MARC
- Cordiferro Riccardo
di Personal Name
Records bibliografici associati: 1
001 - CONTROL NUMBER
- control field: 11647
003 - CONTROL NUMBER IDENTIFIER
- control field: IT-RoPau
005 - DATE AND TIME OF LATEST TRANSACTION
- control field: 20140131152610.0
008 - FIXED-LENGTH DATA ELEMENTS
- fixed length control field: 140131|| aca||aabn | a|a d
040 ## - CATALOGING SOURCE
- Original cataloging agency: IT-RoPau
- Transcribing agency: IT-RoPau
100 ## - HEADING--PERSONAL NAME
- Personal name: Cordiferro Riccardo
- Miscellaneous information: Codice autore musica SPICS: 13704
- Relator term: Autore musica
- Name of part/section of a work: Core 'ngrato
670 ## - SOURCE DATA FOUND
- Source citation: Work cat.: (IT-RoPau)99860: AA.VV. 794, Antologia della canzone italiana 1911-1920